| 000 | 00907nam a22002417a 4500 | ||
|---|---|---|---|
| 999 |
_c6554 _d6554 |
||
| 003 | AR-CdUCM | ||
| 008 | 190318b ||||| |||| 00| 0 spa d | ||
| 040 |
_aMUNICIPALIDAD PROVINCIAL DEL CUSCO _cBIBLIOTECA MUNICIPAL DEL CUSCO |
||
| 041 | _hfr. | ||
| 082 |
_22ed. _a818.5 / _bL21 |
||
| 100 |
_aLamb, Harold _9436 |
||
| 245 |
_aTeodora y el emperador : _bEl drama de Justiniano / |
||
| 260 |
_aMéxico, D.F : _bGrijalbo, _c1959. |
||
| 300 |
_a309 paginas ; _c21 cm. |
||
| 440 |
_aGrandes Figuras Historicas _918328 |
||
| 505 | _aContenido :El palacio junto al circo --La casa de Teodora --Revuelta --Recuperación de un Imperio --Guerra por todo el mundo --Justiniano, el redentor y demonio ... | ||
| 650 |
_aNovelas estadounidenses _9734 |
||
| 650 |
_aImperio bizantino _918499 |
||
| 650 |
_aSiglo XX _98 |
||
| 700 |
_aRafael Cortes de Rosal (traductor) _918500 |
||
| 942 |
_2ddc _cLIBROS |
||
| 945 | _arjall | ||